00477nam a2200193Ia 450000500170000000800460001702000180006303700100008104000080009104000080009904000080010704100080011504100080012308400080013110000200013924500550015926000080021485600610022220260123164124.0008 260114s9999 xx 000 0 eng d a9789354436512 aEBOOK aCRL beng cCRL 2eng aeng qCRL aSinghal/Singhal 0aImplementing iso 9001:2000 qms: a reference 2e(rev bPHI uhttps://elibrary.phindia.com/ebooks/reader/9789354436512